Maiores Parceiros Comerciais - Portugal - Statistics

Estatísticas Gerais
  • Esse quiz foi jogado 148 vezes
  • A pontuação média é 19 de 25
Estatísticas das Respostas
exportações importações país % Correto
7,01 bil 5,26 bil França
99%
14,6 bil 22,2 bil Espanha
98%
2,73 bil 0,97 bil Estados Unidos
98%
0,60 bil 1,17 bil Brasil
97%
6,48 bil 9,14 bil Alemanha
95%
0,75 bil 2,01 bil China
95%
3,92 bil 2,09 bil Reino Unido
94%
1,92 bil 3,71 bil Itália
93%
1,31 bil Rússia
87%
0,59 bil Suíça
84%
1,35 bil 1,91 bil Bélgica
83%
2,07 bil 3,45 bil Países Baixos
83%
1,66 bil 0,90 bil Angola
79%
0,58 bil Índia
79%
0,79 bil Marrocos
78%
0,64 bil 0,81 bil Polônia
76%
0,53 bil 0,76 bil Suécia
76%
0,37 bil 0,59 bil Irlanda
67%
0,37 bil Dinamarca
64%
0,47 bil 0,59 bil Turquia
62%
0,52 bil Argélia
61%
0,43 bil Romênia
44%
0,51 bil Arábia Saudita
38%
0,52 bil Tchéquia
37%
0,50 bil Azerbaijão
6%
Nenhum quiz correspondente encontrado
Distribuição das Pontuações
Porcentagem de Pessoas com Cada Pontuação
Percentil de Números Respondidos
Sua Pontuação Histórica
Você não jogou esse quiz